Statistiken für Aktive Forenuser

Klicken Sie hier um das Quiz zu spielen!

Allgemein

  • Dieses Quiz wurde 9 mal gespielt
  • Das Durchschnittsergebnis liegt bei 51 aus 90

Antwortstatistiken

BenutzerBeiträge% Korrekt
Agentfabi950
100%
Aku1505
100%
Alison178
100%
Aramil258
100%
CaptainOlimar1126
100%
Chrdrenkmann11434
100%
Dance1389
100%
Danny82471528
100%
dezIsNosredna910
100%
Dr. Peter Lankton276
100%
Holländer70899
100%
JumanjiJumanji1035
100%
Krosso155
100%
Krosso_alt374
100%
Namenloser1865
100%
Quatschtütenwürger2077
100%
Rechtus1248
100%
Teewurst1434
100%
Avatar1611
89%
Garet459
89%
Kartoffelpudding237
89%
Le Pfannenwender433
89%
Looki202
89%
Master Murphy646
89%
Mr.Steelfan522
89%
Neptun100
89%
PatrickFan562
89%
Sandy721
89%
S.P.O.N.G.E.124
89%
DX29488668
78%
Eiskaltschwamm786
78%
Leo051158
78%
Lord3d983
78%
Mynicktv495
78%
Sana171
78%
SBob1260
78%
SchwammBob Spongekopf148
78%
Yanni Hendrix117
78%
animelover2233579
67%
Deutschi250
67%
Harry226
67%
Kyn259
67%
Livesgood236
67%
Nerymon396
67%
Ptero203
67%
Spongie *W*429
67%
Ümläütmän808
67%
Bubbles219
56%
Gutsman136
56%
LargeStupidity431
56%
SpongieBurger850
56%
CFP197
44%
danilo0311132
44%
Gast499
44%
Myotis277
44%
Nick161
44%
Rennteufel288
44%
RLMax9555
44%
RuptureFarms239
44%
Somethingaboutus2001450
44%
Spongebonge166
44%
NickNack351
33%
Schwammi09183
33%
SpongeJungMinBob456
33%
ThaddäusTentakel206
33%
Gary II327
22%
Paperschwamm271
22%
Spancer227
22%
Spongeflops159
22%
X-Factor219
22%
Cheshire362
11%
Evil Spatula198
11%
Fardad Taiiary Ashtiany250
11%
Jenny_Schwammkopf145
11%
Johnny310
11%
LordDark1708359
11%
Ne0n166
11%
Rocky Balboa93179
11%
Sonic the Hedgehog174
11%
SpongeBob537621
11%
Spongenator142
11%
Täddäus108
11%
Türkische Kartoffel173
11%
Der dreckige Dan142
0%
Ludwig van Beethoven174
0%
Saphia104
0%
Sebastian230
0%
SpongeBobFan73301
0%
Spongimani109
0%
Thaddel Schneckerich137
0%

Verteilung der Resultate

Perzentil nach korrekt beantworteten Fragen

Anzahl Personen mit jedem Resultat

Ihre Resultats-Entwicklung

Sie haben dieses Quiz noch nicht gespielt